<?xml version="1.0" encoding="UTF-8"?>
<record
    xmlns:xsi="http://www.w3.org/2001/XMLSchema-instance"
    xsi:schemaLocation="http://www.loc.gov/MARC21/slim http://www.loc.gov/standards/marcxml/schema/MARC21slim.xsd"
    xmlns="http://www.loc.gov/MARC21/slim">

  <leader>04546nam a2200445 i 4500</leader>
  <controlfield tag="001">22350805</controlfield>
  <controlfield tag="003">EG-ScBUE</controlfield>
  <controlfield tag="005">20230305034327.0</controlfield>
  <controlfield tag="008">211214t2020    nyua   f b    001 0 eng d</controlfield>
  <datafield tag="020" ind1=" " ind2=" ">
    <subfield code="a">9781260469424</subfield>
  </datafield>
  <datafield tag="020" ind1=" " ind2=" ">
    <subfield code="a">1260469425</subfield>
  </datafield>
  <datafield tag="035" ind1=" " ind2=" ">
    <subfield code="a">(OCoLC)on1155439715</subfield>
  </datafield>
  <datafield tag="040" ind1=" " ind2=" ">
    <subfield code="a">IWO</subfield>
    <subfield code="b">eng</subfield>
    <subfield code="e">rda</subfield>
    <subfield code="c">IWO</subfield>
    <subfield code="d">OCLCO</subfield>
    <subfield code="d">YDX</subfield>
    <subfield code="d">OCLCF</subfield>
    <subfield code="d">YDXIT</subfield>
    <subfield code="d">CUV</subfield>
    <subfield code="d">OCLCA</subfield>
    <subfield code="d">KOS</subfield>
    <subfield code="d">OCLCO</subfield>
    <subfield code="d">DLC</subfield>
    <subfield code="d">EG-ScBUE</subfield>
  </datafield>
  <datafield tag="082" ind1="0" ind2="4">
    <subfield code="a">616.9041</subfield>
    <subfield code="2">22</subfield>
    <subfield code="b">LEV</subfield>
  </datafield>
  <datafield tag="100" ind1="1" ind2=" ">
    <subfield code="a">Levinson, Warren,</subfield>
    <subfield code="e">author.</subfield>
  </datafield>
  <datafield tag="245" ind1="1" ind2="0">
    <subfield code="a">Review of medical microbiology &amp; immunology :</subfield>
    <subfield code="b">a guide to clinical infectious diseases /</subfield>
    <subfield code="c">Warren Levinson, MD, PhD [and four others]</subfield>
  </datafield>
  <datafield tag="246" ind1="3" ind2=" ">
    <subfield code="a">Review of medical microbiology and immunology</subfield>
  </datafield>
  <datafield tag="246" ind1="3" ind2="0">
    <subfield code="a">Medical microbiology and immunology</subfield>
  </datafield>
  <datafield tag="250" ind1=" " ind2=" ">
    <subfield code="a">Sixteenth edition.</subfield>
  </datafield>
  <datafield tag="264" ind1=" " ind2="1">
    <subfield code="a">New York :</subfield>
    <subfield code="b">McGraw-Hill Education,</subfield>
    <subfield code="c">[2020]</subfield>
  </datafield>
  <datafield tag="264" ind1=" " ind2="4">
    <subfield code="c">c2020</subfield>
  </datafield>
  <datafield tag="300" ind1=" " ind2=" ">
    <subfield code="a">xi, 846 pages :</subfield>
    <subfield code="b">illustrations (chiefly color) ;</subfield>
    <subfield code="c">28 cm</subfield>
  </datafield>
  <datafield tag="336" ind1=" " ind2=" ">
    <subfield code="a">text</subfield>
    <subfield code="b">txt</subfield>
    <subfield code="2">rdacontent</subfield>
  </datafield>
  <datafield tag="337" ind1=" " ind2=" ">
    <subfield code="a">unmediated</subfield>
    <subfield code="b">c</subfield>
    <subfield code="2">rdamedia</subfield>
  </datafield>
  <datafield tag="338" ind1=" " ind2=" ">
    <subfield code="a">volume</subfield>
    <subfield code="b">cr</subfield>
    <subfield code="2">rdacarrier</subfield>
  </datafield>
  <datafield tag="500" ind1=" " ind2=" ">
    <subfield code="a">"A Lange medical book."</subfield>
  </datafield>
  <datafield tag="500" ind1=" " ind2=" ">
    <subfield code="a">Revised edition of: Review of medical microbiology and immunology / Warren Levinson. Fifteenth edition. [2018]</subfield>
  </datafield>
  <datafield tag="504" ind1=" " ind2=" ">
    <subfield code="a">Includes bibliographical references and index.</subfield>
  </datafield>
  <datafield tag="505" ind1="0" ind2=" ">
    <subfield code="a">Part I: Basic bacteriology. Bacteria compared with other microorganisms -- Structure of bacterial cells -- Growth -- Genetics -- Classification of medically important bacteria -- The human microbiome -- Pathogenesis -- Host defenses -- Laboratory diagnosis -- Antibacterial drugs: mechanism of action -- Antibacterial drugs: resistance -- Bacterial vaccines -- Sterilization &amp; disinfection -- Part II: Clinical bacteriology. Overview of the major pathogens &amp; introduction to anaerobic bacteria -- Gram-positive cocci -- Gram-negative cocci -- Gram-positive rods -- Gram-negative rods related to the enteric tract -- Gram-negative rods related to the respiratory tract -- Gram-negative rods related to animal sources (zoonotic organisms) -- Mycobacteria -- Actinomycetes -- Mycoplasmas -- Spirochetes -- Chlamydiae -- Rickettsiae -- Minor bacterial pathogens -- Part III: Basic virology. Introduction -- Structure -- Replication -- Genetics &amp; gene therapy -- Classification of medically important viruses -- Pathogenesis -- Host defenses -- Laboratory diagnosis -- Antiviral drugs -- Viral vaccines -- Part IV: Clinical virology. Introduction -- Herpesviruses, poxviruses, &amp; human papilloma virus -- Respiratory viruses -- Important childhood viruses -- Viruses that infect the enteric tract -- Hepatitis viruses -- Arboviruses, rabies virus, &amp; Ebola virus -- Tumor viruses -- Slow viruses &amp; prions -- Human immunodeficiency virus -- Minor viral pathogens -- Part V: Mycology. Basic mycology -- Cutaneous &amp; subcutaneous mycoses -- Systemic mycoses -- Opportunistic mycoses -- Part VI: Parasitology. Introduction -- Intestinal &amp; urogenital: protozoa -- Blood &amp; tissue protozoa -- Minor protozoan pathogens -- Cestodes -- Trematodes -- Nematodes -- Part VII: Immunology. Overview of immunity -- Innate immunity -- Adaptive immunity: lymphocyte antigen receptors -- Adaptive immunity: T-cell-mediated immunity -- Adaptive immunity: B cells &amp; antibodies -- Major histocompatibility complex &amp; transplantation -- Complement -- Antigen-antibody reactions in the laboratory -- Hypersensitivity (allergy) -- Tolerance &amp; autoimmune disease -- Tumor immunity -- Immunodeficiency -- Part VIII: Ectoparasites. Ectoparasites that cause human disease -- Part IX: Infectious diseases. Bone &amp; joint infections -- Cardiac infections -- Central nervous system infections -- Gastrointestinal tract infections -- Pelvic infections -- Upper respiratory tract infections -- Lower respiratory tract infections -- Infections of the skin &amp; skin structures -- Urinary tract infections -- Sepsis &amp; septic shock -- Eye infections -- Part X: Brief summaries of medically important organisms -- Part XI: Clinical cases -- Part XII: Pearls for the USMLE.</subfield>
  </datafield>
  <datafield tag="650" ind1=" " ind2="7">
    <subfield code="a">Medical microbiology</subfield>
    <subfield code="v">Outlines, syllabi, etc.</subfield>
    <subfield code="2">BUEsh</subfield>
  </datafield>
  <datafield tag="650" ind1=" " ind2="7">
    <subfield code="a">Clinical immunology</subfield>
    <subfield code="v">Outlines, syllabi, etc.</subfield>
    <subfield code="2">BUEsh</subfield>
  </datafield>
  <datafield tag="650" ind1=" " ind2="7">
    <subfield code="a">Microbiology</subfield>
    <subfield code="v">Examinations, questions, etc.</subfield>
    <subfield code="2">BUEsh</subfield>
  </datafield>
  <datafield tag="650" ind1=" " ind2="7">
    <subfield code="a">Microbiology</subfield>
    <subfield code="v">Outlines, syllabi, etc.</subfield>
    <subfield code="2">BUEsh</subfield>
  </datafield>
  <datafield tag="653" ind1=" " ind2=" ">
    <subfield code="b">PPhrm</subfield>
    <subfield code="c">March2023</subfield>
  </datafield>
  <datafield tag="655" ind1=" " ind2=" ">
    <subfield code="v">Reading book</subfield>
  </datafield>
  <datafield tag="906" ind1=" " ind2=" ">
    <subfield code="a">7</subfield>
    <subfield code="b">cbc</subfield>
    <subfield code="c">copycat</subfield>
    <subfield code="d">2</subfield>
    <subfield code="e">ncip</subfield>
    <subfield code="f">20</subfield>
    <subfield code="g">y-gencatlg</subfield>
  </datafield>
  <datafield tag="942" ind1=" " ind2=" ">
    <subfield code="2">ddc</subfield>
    <subfield code="c">BB</subfield>
  </datafield>
  <datafield tag="999" ind1=" " ind2=" ">
    <subfield code="c">30191</subfield>
    <subfield code="d">30162</subfield>
  </datafield>
  <datafield tag="952" ind1=" " ind2=" ">
    <subfield code="0">0</subfield>
    <subfield code="1">0</subfield>
    <subfield code="2">ddc</subfield>
    <subfield code="4">0</subfield>
    <subfield code="7">0</subfield>
    <subfield code="8">Alahram</subfield>
    <subfield code="a">MAIN</subfield>
    <subfield code="b">MAIN</subfield>
    <subfield code="c">1ST</subfield>
    <subfield code="d">2023-03-05</subfield>
    <subfield code="e">Purchase</subfield>
    <subfield code="g">949.00</subfield>
    <subfield code="h">193</subfield>
    <subfield code="l">0</subfield>
    <subfield code="o">616.9041 LEV</subfield>
    <subfield code="p">000044832</subfield>
    <subfield code="r">2025-07-15 00:00:00</subfield>
    <subfield code="v">1186.25</subfield>
    <subfield code="w">2023-03-05</subfield>
    <subfield code="y">BB</subfield>
  </datafield>
</record>
